New era as Coal Authority becomes Mining Remediation Authority (Record no. 122061)

MARC details
000 -LEADER
fixed length control field 00955nam a22002057a 4500
007 - PHYSICAL DESCRIPTION FIXED FIELD--GENERAL INFORMATION
fixed length control field cu a| a||a|
008 - FIXED-LENGTH DATA ELEMENTS--GENERAL INFORMATION
fixed length control field 241202e20241128xxk|||||o||||o00| 0 eng d
041 ## - LANGUAGE CODE
Language code of text/sound track or separate title eng
110 ## - MAIN ENTRY--CORPORATE NAME
Corporate author Mining Remediation Authority
9 (RLIN) 6346
245 ## - TITLE STATEMENT
Title New era as Coal Authority becomes Mining Remediation Authority
260 ## - PUBLICATION INFORMATION
Publisher Mining Remediation Authority,
Date 28 November 2024
520 ## - ABSTRACT
Abstract The Coal Authority has changed its name to the Mining Remediation Authority to better reflect the organisation’s role to manage the effects of historical mining in England, Scotland and Wales and its work to seek low-carbon opportunities and net-zero.
650 ## - KEYWORDS
Keywords CARBON EMISSIONS
650 ## - KEYWORDS
Keywords COAL
650 ## - KEYWORDS
Keywords MINING
650 ## - KEYWORDS
Keywords NET ZERO
651 ## - SUBJECT ADDED ENTRY--GEOGRAPHIC NAME
Geographic name United Kingdom
710 ## - ADDED CORPORATE NAME
Added corporate author Mining Remediation Authority
9 (RLIN) 6346
856 ## - ONLINE RESOURCE
Uniform Resource Identifier https://www.gov.uk/government/news/new-era-as-coal-authority-becomes-mining-remediation-authority
Public note Press release available on .gov.uk
Holdings
Withdrawn status Lost status Damaged status Not for loan Home library Current library Shelving location Date acquired Total Checkouts Date last seen Price effective from Koha item type
        Virtual Virtual Online 02/12/2024   02/12/2024 02/12/2024 Online material